Superstar Firms and Labor Share Decline: The Role of Digitalization in France, Germany, Italy, and Spain

Tento článok skúma, ako koncentrácia trhu a veľkosť firmy interagujú s produktivitou práce, mzdami a podielom práce v štyroch európskych ekonomikách – Francúzsku, Nemecku, Taliansku a Španielsku – cez optiku hypotézy superhviezdnych firiem. Pomocou agregovaných údajov na úrovni firmy z CompNet a dig...

Descripción completa

Guardado en:
Detalles Bibliográficos
Autor principal: Oleš, Tomáš, 1996-
Formato: Capítulo de libro
Lenguaje:inglés
Materias:
Etiquetas: Agregar Etiqueta
Sin Etiquetas, Sea el primero en etiquetar este registro!

MARC

LEADER 00000naa$a2200000$$$4500
001 0307437
005 20250603103301.4
041 0 |a eng 
044 |a SK 
245 1 0 |a Superstar Firms and Labor Share Decline: The Role of Digitalization in France, Germany, Italy, and Spain  |c Tomáš Oleš 
520 |a Tento článok skúma, ako koncentrácia trhu a veľkosť firmy interagujú s produktivitou práce, mzdami a podielom práce v štyroch európskych ekonomikách – Francúzsku, Nemecku, Taliansku a Španielsku – cez optiku hypotézy superhviezdnych firiem. Pomocou agregovaných údajov na úrovni firmy z CompNet a digitalizačných ukazovateľov odvodených z EU-KLEMS analýza odhaľuje, že podiel práce vykazuje silný negatívny a nelineárny vzťah s celkovou produktivitou faktorov, čo je v súlade s myšlienkou, že vysokoproduktívne superhviezdne firmy alokujú menší podiel pridanej hodnoty na prácu. Na úrovni odvetvia sa objavuje jasná pozitívna súvislosť medzi koncentráciou trhu a produktivitou práce a mzdami, zatiaľ čo koncentrácia negatívne koreluje s podielom práce. 
610 2 0 |a mzdy 
610 2 0 |a produktivita práce 
610 2 0 |a trh akciový 
610 2 0 |a firmy 
610 2 0 |a koncentrácia 
100 1 |a Oleš, Tomáš, 1996-